| 000 | 00946cam a2200205 4500 | ||
|---|---|---|---|
| 001 | ABS65549 | ||
| 008 | 020530n2002 000 0 eng u | ||
| 035 | _a(Sirsi) u118232 | ||
| 110 |
_aTown and Country Planning Association _93022 |
||
| 245 | _a"Planning:delivering a fundamental change" - the TCPA's response | ||
| 260 | _c2002 | ||
| 490 |
_aTown & Country Planning _v71(4) April 2002, 101-104(4) |
||
| 520 | _aThe TCPA has welcomed the Green Paper's analysis of the planning system. Using material from the TCPA's supporting text to the consultation questionnaire, the article sets out the TCPA's proposals for speeding up and reforming a slow and socially exclusive planning system and discusses government's proposals in the Green Paper. | ||
| 590 | _aABS | ||
| 650 | _aPLANNING SYSTEM | ||
| 650 | _aPLANNING REFORM | ||
| 650 | _aGREEN PAPERS | ||
| 690 | _aENVIRONMENTAL AND LAND CONSULTANCY-PLANNING AND DEVELOPMENT | ||
| 942 | _n0 | ||
| 999 |
_c70397 _d70397 |
||